000 00444nam a22001817a 4500
005 20180813112122.0
008 160517b xxu||||| |||| 00| 0 eng d
020 _a0-07-451506-3
041 _aeng
082 _b2503
_a658.4
100 _aAGARWAL, R.D.
_92036
245 _aOrganization and Management
250 _a1st Ed.
260 _aNew Delhi
_bTata McGraw Hill Ltd.
_c2004
300 _a697p,
650 _aManagement
_9241
942 _cBK
999 _c915
_d915